| 000 | 00761nam a22002177a 4500 | ||
|---|---|---|---|
| 005 | 20130906112109.0 | ||
| 010 | _aB512445-450 | ||
| 020 | _a9788177226225 | ||
| 035 | _aB512445-450 | ||
| 037 |
_aBSB/Ven _bDPL |
||
| 082 | _a658.812 | ||
| 100 | _aKumar, Alok. | ||
| 245 |
_aCustomer Relationship Management: _cby Alok Kumar _bConcepts & Application/ |
||
| 260 |
_aNew Delhi _bBiztantra _c2007 |
||
| 270 |
_a4435-36/7,Ansari Road, _bNew Delhi _e110002 _k41563722 _l91-11-23243078 _mbt@dreamtechprees.com |
||
| 300 |
_axviii,350p. _bill. _c22cm.(Pbk) |
||
| 700 | _aSinha, Chhabi | ||
| 710 | _aSharma, Rakesh | ||
| 942 |
_2ddc _cEN _mKum _h658.812 |
||
| 999 |
_c78776 _d78776 |
||